K aktuálnym otázkam vymáhania pohľadávok súdnym exekútorom

Exekučné konanie. Účastníci konania. Návrh na vykonanie exekúcie. Námietky proti exekúcii. Druhy a spôsoby vykonávania exekúcií. Exekúcia na peňažné plnenie. Modelové príklady výpočtu zrážok zo mzdy. Exekúcia prikázaním pohľadávky. Pokračovanie článku v nasledujúcom čísle.

Uložené v:
Podrobná bibliografia
Hlavný autor: Kováčiková, Eva
Ďalší autori: Szilágyi, Mikuláš
Médium: Kapitola
Jazyk:Slovak
Predmet:
Tagy: Pridať tag
Žiadne tagy, Buďte prvý, kto otaguje tento záznam!

MARC

LEADER 00000naa$a2200000$$$4500
001 0086241
005 20231103071017.4
041 0 |a slo 
044 |a SK 
245 1 0 |a K aktuálnym otázkam vymáhania pohľadávok súdnym exekútorom  |c Eva Kováčiková, Mikuláš Szilágyi 
520 |a Exekučné konanie. Účastníci konania. Návrh na vykonanie exekúcie. Námietky proti exekúcii. Druhy a spôsoby vykonávania exekúcií. Exekúcia na peňažné plnenie. Modelové príklady výpočtu zrážok zo mzdy. Exekúcia prikázaním pohľadávky. Pokračovanie článku v nasledujúcom čísle. 
610 2 0 |a exekúcia 
610 2 0 |a exekútori 
610 2 0 |a právo exekučné 
610 2 0 |a zrážky zo mzdy 
610 2 0 |a pohľadávky 
610 2 0 |a nehnuteľnosti 
610 2 0 |a predaj 
100 1 |a Kováčiková, Eva 
700 1 |a Szilágyi, Mikuláš